Länder nach ersten 4 Anfangsbuchstaben in 330 Sekunden - Statistiken

Allgemein
  • Dieses Quiz wurde 54 mal gespielt
  • Das Durchschnittsergebnis liegt bei 129 aus 196
Antworten auf der Karte
Die Antworten werden auf der Karte rot bzw. grün angezeigt, abhängig davon wie oft sie richtig erraten wurden.
 
Antwortstatistiken
Land % Korrekt
Vereinigte Arabische Emirate
100%
Vereinigte Staaten
100%
Australien
97%
Brasilien
97%
Chile
97%
China
97%
Deutschland
97%
Frankreich
97%
Indien
97%
Kanada
97%
Mexiko
97%
Schweden
97%
Schweiz
97%
Argentinien
95%
Finnland
95%
Italien
95%
Russland
95%
Ägypten
92%
Dänemark
92%
Irland
92%
Norwegen
92%
Saudi-Arabien
92%
Spanien
92%
Südafrika
92%
Sudan
92%
Tschad
92%
Tschechien
92%
Marokko
89%
Mauretanien
89%
Mauritius
89%
Oman
89%
Paraguay
89%
Uruguay
89%
Algerien
86%
Bolivien
86%
Indonesien
86%
Island
86%
Portugal
86%
Türkei
86%
Turkmenistan
86%
Venezuela
86%
Irak
84%
Iran
84%
Jemen
84%
Kolumbien
84%
Libyen
84%
Mongolei
84%
Nordkorea
84%
Nordmazedonien
84%
Peru
84%
Madagaskar
81%
Ecuador
81%
Griechenland
81%
Litauen
81%
Malawi
81%
Malaysia
81%
Niger
81%
Nigeria
81%
Tunesien
81%
Ukraine
81%
Ungarn
81%
Lettland
78%
Estland
78%
Kasachstan
78%
Kuba
78%
Österreich
78%
Panama
78%
Polen
78%
Slowakei
78%
Slowenien
78%
Belgien
76%
Dominica
76%
Dominikanische Republik
76%
Haiti
76%
Somalia
76%
Tadschikistan
76%
Angola
73%
Belarus
73%
Belize
73%
Grossbritannien
73%
Guyana
73%
Japan
73%
Mali
73%
Südkorea
73%
Thailand
73%
Costa Rica
70%
Neuseeland
70%
Nicaragua
70%
Niederlande
70%
Pakistan
70%
Rumänien
70%
Südsudan
70%
Äthiopien
68%
Guatemala
68%
Jamaika
68%
Surinam
68%
Usbekistan
68%
Albanien
65%
Bulgarien
65%
El Salvador
65%
Honduras
65%
Kirgisistan
65%
Kosovo
65%
Kroatien
65%
Luxemburg
65%
Namibia
65%
Papua-Neuguinea
65%
Serbien
65%
Syrien
65%
Togo
65%
Vietnam
65%
Afghanistan
62%
Bahamas
62%
Demokratische Republik Kongo
62%
Kenia
62%
Nepal
62%
Republik Kongo
62%
Tansania
62%
Bosnien und Herzegowina
59%
Eritrea
59%
Aserbaidschan
57%
Laos
57%
Malediven
57%
Moldau
57%
Myanmar
57%
Philippinen
57%
Zentralafrikanische Republik
57%
Benin
54%
Bhutan
54%
Elfenbeinküste
54%
Ghana
54%
Israel
54%
Kambodscha
54%
Liberia
54%
Liechtenstein
54%
Mosambik
54%
Sambia
54%
Seychellen
54%
Vatikanstadt
54%
Bangladesch
51%
Botswana
51%
Georgien
51%
Jordanien
51%
Komoren
51%
Lesotho
51%
Montenegro
51%
San Marino
51%
Senegal
51%
Simbabwe
51%
Andorra
49%
Burkina Faso
49%
Gabun
49%
Kamerun
49%
Monaco
49%
Sri Lanka
49%
Barbados
46%
Burundi
46%
Dschibuti
46%
Guinea
46%
Guinea-Bissau
46%
Katar
46%
Malta
46%
Uganda
46%
Zypern
46%
Äquatorialguinea
43%
Eswatini
43%
Grenada
43%
Kap Verde
43%
Libanon
43%
Ruanda
43%
Taiwan
43%
Kuwait
41%
Antigua und Barbuda
38%
Armenien
38%
São Tomé und Príncipe
38%
Sierra Leone
38%
Trinidad und Tobago
38%
Kiribati
35%
Saint Kitts und Nevis
35%
Saint Lucia
35%
Saint Vincent und die Grenadinen
35%
Tonga
35%
Gambia
32%
Fidschi
32%
Osttimor
32%
Singapur
32%
Tuvalu
32%
Bahrain
30%
Brunei
30%
Mikronesien
30%
Nauru
30%
Palau
30%
Samoa
30%
Marshallinseln
27%
Vanuatu
27%
Salomonen
24%
Keine übereinstimmenden Quizze gefunden
Verteilung der Resultate
Anzahl Personen mit jedem Resultat
Perzentil nach korrekt beantworteten Fragen
Ihre Resultats-Entwicklung
Sie haben dieses Quiz noch nicht gespielt